000 00836cam a22002534a 4500
001 11943844
005 20180309035125.0
008 000316s2001 nyu 000 0 eng
010 _a 00035315
020 _a0415925533
020 _a0415925541 (pbk.)
040 _aDLC
_cDLC
_dDLC
041 _aeng
042 _apcc
043 _ama-----
080 _a316
082 _2316 COO
100 1 _a50
101 _aSOC
245 1 0 _aWomen claim Islam :
_cMiriam Cooke.
906 _a7
_bcbc
_corignew
_d1
_eocip
_f20
_gy-gencatlg
942 _2ddc
_cBK
999 _c44539
_d44539